Of Mice And Men Chapter 1-2 - Statistics

General Stats
  • This quiz has been taken 142 times
  • The average score is 6 of 15
Answer Stats
Hint Answer % Correct
What colour is Curley's wife linked to? Red
76%
What is inside Curley's glove that he wears? Vaseline
70%
Who's the widely respected character in Of Mice And Men? Slim
69%
What was the name of the previous town they worked in? Weed
66%
Which character possesses a Luger, and wantsto kill Candy's dog? Carlson
61%
At the start of the novel, what is Lennie caught holding? A mouse
59%
How many puppies did Slim's dog have? Nine
57%
What type of workers are George and Lennie? Migrant
40%
When Lennie drinks from the lake, what is he referred to as? Horse
33%
What did the two eat when they were in the brush? Baked Beans
21%
What are George and Lennie hoping to achieve? The American Dream
19%
What is the surname of the author of 'Paradise 'Lost'? Milton
13%
Which poet inspired the title of the novel? Richard Burns
13%
What 's' refers to the type of relationship the two men have? Symbiotic
4%
What does Lennie like to feel? Soft objects
1%
No matching quizzes found
Score Distribution
Percent of People with Each Score
Percentile by Number Answered
Your Score History
You have not taken this quiz